000 00873nam a22002297a 4500
005 20120119155147.0
008 120119t xxu||||| |||| 00| 0 eng d
010 _aENG-104800
020 _a9789381385098
_c550.00
035 _aEN-88333
037 _bDBAD/PUB
040 _aDPL
_bEng
082 _a363.25
100 _939742
_aNishant Singh
245 _aForensic science :
_cby Nishant Singh
_bprinciples & concepts /
260 _aDelhi
_bAncient Publishing House
_c2011
270 _aV-75, Street No. 15-A, Vijay Park, Near C-11, Shiv Sadhana Mandir, Yamuna Vihar
_bDelhi
_e110053
300 _a254p.
_c22cm(Hb)
500 _aIncludes bibliographical references
942 _2ddc
_cEN
_h363.25
_mNIS
999 _c61231
_d61231